Giáo trình xử lý ra hoa cây ăn trái
Nội dung đề tài trình bày những lý thuyết về sự ra hoa và biện pháp xử lý ra hoa, kỹ thuật xử lý ra hoa cho một số cây ăn trái phổ biến ở ĐBSCL,...
Gardado en:
| Autor Principal: | |
|---|---|
| Formato: | Libro |
| Idioma: | Undetermined |
| Publicado: |
Thành phố Hồ Chí Minh
Đại học Quốc gia Thành phố Hồ Chí Minh
2009
|
| Những chủ đề: | |
| Các nhãn: |
Engadir etiqueta
Sen Etiquetas, Sexa o primeiro en etiquetar este rexistro!
|
| Thư viện lưu trữ: | Trung tâm Học liệu Trường Đại học Cần Thơ |
|---|
| LEADER | 01071nam a2200241Ia 4500 | ||
|---|---|---|---|
| 001 | CTU_140731 | ||
| 008 | 210402s9999 xx 000 0 und d | ||
| 020 | |c 60000 | ||
| 082 | |a 634 | ||
| 082 | |b H125 | ||
| 100 | |a Trần, Văn Hâu | ||
| 245 | 0 | |a Giáo trình xử lý ra hoa cây ăn trái | |
| 245 | 0 | |c Trần Văn Hâu | |
| 260 | |a Thành phố Hồ Chí Minh | ||
| 260 | |b Đại học Quốc gia Thành phố Hồ Chí Minh | ||
| 260 | |c 2009 | ||
| 520 | |a Nội dung đề tài trình bày những lý thuyết về sự ra hoa và biện pháp xử lý ra hoa, kỹ thuật xử lý ra hoa cho một số cây ăn trái phổ biến ở ĐBSCL,... | ||
| 526 | |a Thâm cứu sự ra hoa,Kỹ thuật xử lý ra hoa cây ăn trái,Cây ăn trái,Xử lý ra hoa | ||
| 526 | |b NN947,NN724,NN189,NN401 | ||
| 650 | |a Fruit trees,Cây ăn quả | ||
| 650 | |x Planting,Trồng trọt | ||
| 904 | |i Năm | ||
| 980 | |a Trung tâm Học liệu Trường Đại học Cần Thơ | ||